[Event "Turkish Championship 2020"]
[Site "Kemer-Antalya"]
[Date "2020.11.18"]
[Round "6.3"]
[White "Sanal, Vahap"]
[Black "Sevgi, Volkan"]
[Result "1-0"]
[WhiteElo "2557"]
[BlackElo "2359"]
[Annotator "TA"]
[PlyCount "93"]
[EventDate "2020.11.13"]
[EventType "tourn"]
[EventCountry "TUR"]
[SourceTitle "playchess.com"]
[Source "ChessBase"]
[SourceQuality "1"]

{[%evp 9,93,-4,27,10,37,37,40,23,22,21,23,11,27,25,30,16,13,16,38,33,37,37,34,18,41,37,49,15,31,0,0,0,0,0,56,53,60,54,54,54,52,50,50,54,55,55,56,53,45,45,47,33,25,7,68,30,75,100,158,88,83,68,68,68,68,68,68,68,106,100,158,158,221,177,564,547,627,623,808,799,1135,983,1597,1545,1650,1070]} 1. e4 c6 2. Nf3 d5 3. d3 g6 4. Qe2 Bg7 5. g3 Bg4 6. Bg2 {B10: Caro-Kann: 2 d3 and 2 c4.} e6 7. O-O Ne7 8. h3 {White is slightly better.} Bxf3 9. Bxf3 O-O 10. Bg2 Nd7 11. c3 {[#]} e5 $146 ({Predecessor:} 11... Nc5 12. e5 d4 13. c4 a5 14. b3 Qb6 15. Ba3 a4 16. b4 Nd7 17. f4 Nf5 {½-½ (55) Ivanov,A (2397)-Novitzkij,D (2317) Minsk 2015}) 12. b3 Qc7 13. Ba3 Nb6 14. Nd2 Rfe8 15. Rac1 Rad8 16. h4 Nbc8 17. Bb2 Qd7 18. Rcd1 d4 19. cxd4 exd4 20. Nf3 c5 21. Qc2 Qb5 (21... b6 $11) 22. a4 $36 {[%mdl 2048] White is more active.} Qa5 23. Rc1 b6 24. Nd2 Nc6 25. Nc4 Qa6 26. f4 Nb4 27. Qd2 Nd6 28. Ra1 Nxc4 29. bxc4 Qc8 30. Rae1 Qd7 31. Qd1 f5 (31... a6 $11) 32. Rf2 Re6 33. Ba3 Rde8 (33... Kh8 $142) 34. Rfe2 ({Better is} 34. e5) 34... a5 35. Kh2 Kh8 36. Bf3 Bf8 37. Kg2 Bg7 38. Bc1 R8e7 39. g4 fxe4 ({Black should try} 39... Re8) 40. Bxe4 $16 Qe8 (40... Re8 $16 {is a better defense.}) 41. Kh1 h5 $2 {[#]} (41... Bf6 {is tougher.}) 42. f5 $18 {White is clearly winning.} gxf5 43. gxf5 Rd6 44. Bf4 Be5 45. Bd5 Nc6 46. Bg5 Rh7 47. Re4 {Weighted Error Value: White=0.11/Black=0.28} 1-0

[Event "Turkish Championship 2020"]
[Site "Kemer-Antalya"]
[Date "2020.11.18"]
[Round "6.4"]
[White "Yurtseven, Melih"]
[Black "Gokerkan, Cem Kaan"]
[Result "1/2-1/2"]
[WhiteElo "2391"]
[BlackElo "2461"]
[Annotator "TA"]
[PlyCount "131"]
[EventDate "2020.11.13"]
[EventType "tourn"]
[EventCountry "TUR"]
[SourceTitle "playchess.com"]
[Source "ChessBase"]
[SourceQuality "1"]

{[%evp 16,131,0,-9,-6,-8,-12,-12,-16,-16,-13,-16,-14,-18,-8,-41,-33,-34,-31,-34,-37,-32,-40,-28,-14,-16,0,0,0,0,0,-114,-115,-117,-124,-125,-122,-114,-115,-106,-93,-153,-153,-153,-149,-164,-172,-172,-164,-171,-156,-144,-25,-39,-25,-25,-25,-25,-25,-25,-24,-25,-27,-41,-41,-112,-74,-108,0,-45,-48,-113,-112,-127,-113,-216,-216,-202,-199,-216,-216,-216,-216,-216,-216,-216,-152,-152,-152,-152,-152,-152,-152,-152,-152,-152,-16,-16,-11,-11,-11,-11,-11,-11,-11,-11,-11,-12,-12,-12,-12,-12,-12,-12,-11,-11,8,8]} 1. Nf3 Nf6 2. g3 c5 3. Bg2 Nc6 4. O-O e5 5. e4 d6 6. Re1 g6 7. c3 Bg7 8. d3 O-O 9. a3 b5 {A05: Réti Opening: 1 Nf3 Nf6.} 10. Nbd2 a5 11. a4 b4 12. Nc4 {[#]} h6 $146 ({Predecessor:} 12... Rb8 13. Ne3 Be6 14. Ng5 Bd7 15. Qe2 Ne7 16. Nf3 Qc7 17. Nd2 Be6 18. Qd1 Rfe8 {0-1 (67) Genga,S (2427)-Ciciotti,A (2429) ICCF email 2018}) 13. Nfd2 Rb8 14. Ne3 Be6 15. Ndc4 d5 16. exd5 Nxd5 17. Qf3 {[%cal Re3d5]} bxc3 18. bxc3 {[%cal Re3d5]} ({Not} 18. Nxd5 $2 Nd4 $19) 18... e4 19. Qxe4 {[%cal Re3d5]} Bxc3 {[%mdl 64] Double Attack} 20. Nxd5 Bxe1 21. Bf4 $1 ({Much weaker is} 21. Bxh6 Bxf2+ $1 {[%mdl 512]} 22. Kxf2 Bxd5 $17) 21... Bxd5 22. Qxd5 {[%mdl 64] Double Attack} Bc3 23. Bxb8 (23. Rc1 $11 {keeps the balance.} Nd4 24. Kf1 (24. Qxd8 Rfxd8 25. Kf1 Rb3 $17)) 23... Bxa1 $17 24. Bd6 Nb4 25. Qxc5 Re8 26. Be4 Re6 27. Kg2 Bg7 28. Qc7 (28. h4 $142) 28... Qxc7 29. Bxc7 f5 30. Bf3 Kh7 $1 31. Bxa5 Nxd3 32. Bd5 Re2 33. Bb6 {[#]} Nb4 ({Better is} 33... Bf8 $1 $17 34. Kf1 Re1+ 35. Kg2 Bc5) 34. Bb7 $11 Rc2 35. Ne3 Ra2 36. a5 Bc3 37. Nc4 h5 38. h4 Kg7 39. Kf3 Kf6 40. Bc5 (40. Ke3 $15) 40... Nd3 41. Bb6 {[#] Threatens to win with a6.} Nb4 (41... Bb4 $1 $17 42. Ke3 Nc5) 42. Bd8+ Ke6 43. Bc8+ ({White should play} 43. Kf4 $1 $15) 43... Kf7 $17 44. Bb6 Nd5 45. Bc5 (45. Bb7 $17 Ke6 46. Bc8+ Kf6 47. Bd8+ Kg7 48. Be6) 45... Bxa5 $19 46. Bb7 Nf6 47. Nxa5 Rxa5 {[%mdl 4096] Endgame KRN-KB} 48. Bd4 Ra4 49. Bxf6 Kxf6 {KR-KB} 50. Kg2 g5 51. hxg5+ Kxg5 52. f4+ Kf6 53. Kh3 Ra2 54. Bf3 Kg6 55. Bc6 Rf2 (55... Re2 $17 {And now ...Re6 would win.} 56. Bb5 Re7) 56. Be8+ $11 {The position is equal.} Kh6 {Hoping for ...h4!} 57. Bd7 h4 {aiming for ...Kg6.} 58. Bxf5 hxg3 59. Kxg3 Rb2 (59... Ra2 {looks sharper.} 60. Kg4 Rb2 61. Kf3 Rb3+ 62. Kg4 Rc3) 60. Kg4 Kg7 61. Kg5 Rb5 62. Kg4 Kf6 63. Bh7 Rb7 64. Be4 Rb4 65. Bh7 Rxf4+ 66. Kxf4 {Black had all chances to win.  Weighted Error Value: White=0.13/Black=0.14} 1/2-1/2

[Event "Turkish Championship 2020"]
[Site "Kemer-Antalya"]
[Date "2020.11.18"]
[Round "6.5"]
[White "Haznedaroglu, Kivanc"]
[Black "Eren, Ataberk"]
[Result "1-0"]
[WhiteElo "2437"]
[BlackElo "2321"]
[Annotator "TA"]
[PlyCount "95"]
[EventDate "2020.11.13"]
[EventType "tourn"]
[EventCountry "TUR"]
[SourceTitle "playchess.com"]
[Source "ChessBase"]
[SourceQuality "1"]

{[%evp 16,95,41,34,44,50,48,57,90,81,83,95,92,89,99,107,98,90,112,34,42,40,59,47,65,57,63,45,121,95,161,86,108,99,105,68,65,57,51,54,59,50,143,143,150,142,142,155,161,153,175,134,253,185,225,201,200,163,172,134,428,427,408,363,1018,1009,972,787,738,481,479,479,477,476,476,474,474,491,475,474,474,474]} 1. Nf3 d5 2. b3 c6 3. Bb2 Bf5 4. g3 e6 5. Bg2 Nd7 6. d3 h6 7. Nbd2 Ngf6 8. O-O Bc5 9. e4 dxe4 {A07: Réti Opening: New York and Capablanca Systems.} 10. dxe4 Bh7 11. Qe2 Qe7 {White is slightly better.} 12. e5 Nd5 13. c4 {[#]} Nb4 $146 ({Predecessor:} 13... N5b6 14. a3 a5 15. Ne4 Bxe4 16. Qxe4 O-O 17. Ne1 Rfd8 18. Nd3 Qg5 19. Rad1 Bf8 {1-0 (47) West,G (2362)-Teichmann,E (2326) Melbourne 2002}) 14. Ne4 Bxe4 15. Qxe4 a5 16. a3 Na6 17. Qg4 (17. Rfd1 $16) 17... O-O $14 18. Nd2 f5 19. exf6 $1 Nxf6 20. Qe2 Rad8 21. Nf3 Rfe8 (21... e5 $14) 22. Qc2 $16 Bb6 (22... Ng4 $16) 23. Bc3 (23. Bh3 $18) 23... Nc5 24. Ne5 Ncd7 25. Ng6 Qc5 26. Qe2 Qf5 27. Nh4 Qg4 28. Bf3 $36 {[%mdl 2048] White has the initiative.} Qg5 (28... Qh3 $14) 29. b4 Nf8 30. Rad1 axb4 31. axb4 {[%cal Ba3b4,Bb4b5][%mdl 32]} Bc7 32. Rfe1 N6h7 33. b5 Qc5 (33... cxb5 $16 {is a better defense.} 34. cxb5 (34. Bxb7 Rxd1 35. Rxd1 Rb8 $16) 34... Re7) 34. Qb2 Rxd1 35. Rxd1 e5 36. bxc6 bxc6 37. Bb4 Qb6 $2 {[%mdl 8192] A mistake that costs the game.} (37... Qxc4 $16 {might work better.} 38. Rc1 Qf7) 38. c5 $18 Qb7 39. Qa2+ Kh8 $2 {[#]} (39... Ne6 40. Bh5 Qc8) 40. Qf7 $1 {[%mdl 512] White wants to mate with Rd7.White is clearly winning.} Nf6 41. Nf5 {[%csl Gf5][%cal Rf7g7]} Ne6 42. Nd6 Ng5 43. Qxe8+ ({Less strong is} 43. Nxb7 Nxf7 44. Bxc6 Rb8 $18) 43... Nxe8 44. Nxb7 Nxf3+ 45. Kg2 Nd4 46. Bc3 Nb5 {[#]} 47. Bxe5 $1 {[%mdl 512]} Bxe5 48. Re1 {Weighted Error Value: White=0.23/Black=0.26} 1-0

[Event "Turkish Championship 2020"]
[Site "Kemer-Antalya"]
[Date "2020.11.19"]
[Round "7.1"]
[White "Eren, Ataberk"]
[Black "Atalik, Ekaterina"]
[Result "1/2-1/2"]
[WhiteElo "2321"]
[BlackElo "2450"]
[Annotator "ChessBase"]
[PlyCount "126"]
[EventDate "2020.11.13"]
[EventType "tourn"]
[EventCountry "TUR"]
[SourceTitle "playchess.com"]
[Source "ChessBase"]
[SourceQuality "1"]
[TimeControl "40/5400+30:1800+30"]

1. d4 {[%emt 0:01:30]} Nf6 {[%emt 0:00:30]} 2. Nf3 {[%emt 0:00:00]} g6 {[%emt 0:00:30]} 3. Bg5 {[%emt 0:00:00]} Bg7 {[%emt 0:00:00]} 4. Nbd2 {[%emt 0:00:00]} d5 {[%emt 0:01:00]} 5. e3 {[%emt 0:00:00]} c5 {[%emt 0:01:30]} 6. c3 {[%emt 0:00:30]} Qb6 {[%emt 0:01:30]} 7. Qb3 {[%emt 0:00:30]} Nc6 {[%emt 0:02:30]} 8. Be2 {[%emt 0:00:00]} c4 {[%emt 0:03:30]} 9. Qa3 {[%emt 0:01:00]} O-O {[%emt 0:01:30]} 10. b3 {[%emt 0:00:30]} cxb3 {[%emt 0:01:30]} 11. axb3 {[%emt 0:00:30]} h6 {[%emt 0:04:30]} 12. Bh4 {[%emt 0:02:30]} g5 {[%emt 0:03:30]} 13. Bg3 {[%emt 0:00:00]} Ne4 {[%emt 0:04:30]} 14. Nxe4 {[%emt 0:01:00]} dxe4 {[%emt 0:00:30]} 15. Nd2 {[%emt 0:00:00]} f5 {[%emt 0:02:30]} 16. b4 {[%emt 0:08:00]} f4 {[%emt 0:17:30]} 17. exf4 {[%emt 0:00:30]} gxf4 {[%emt 0:00:30]} 18. Bh4 {[%emt 0:00:30]} f3 {[%emt 0:03:30]} 19. gxf3 {[%emt 0:41:30]} exf3 {[%emt 0:03:30]} 20. Nxf3 {[%emt 0:08:30]} Bg4 {[%emt 0:03:30]} 21. Qb3+ {[%emt 0:03:30]} Kh8 {[%emt 0:01:30]} 22. Qd1 {[%emt 0:01:30]} Rf4 {[%emt 0:02:30]} 23. Bg3 {[%emt 0:02:30]} Re4 {[%emt 0:01:30]} 24. Ng1 {[%emt 0:01:30]} Nxd4 {[%emt 0:06:30]} 25. cxd4 {[%emt 0:00:30]} Rxd4 {[%emt 0:01:30]} 26. Qc1 {[%emt 0:04:30]} Rc8 {[%emt 0:05:30]} 27. Qa3 {[%emt 0:03:27]} Re4 {[%emt 0:06:30]} 28. Kf1 {[%emt 0:09:17]} Rxe2 {[%emt 0:13:06]} 29. Nxe2 {[%emt 0:00:29]} Bxe2+ {[%emt 0:01:01]} 30. Kxe2 {[%emt 0:00:41]} Qb5+ {[%emt 0:01:54]} 31. Kd2 {[%emt 0:03:58]} Rd8+ {[%emt 0:00:58]} 32. Ke1 {[%emt 0:01:04]} Rd3 {[%emt 0:02:38]} 33. Qa4 {[%emt 0:03:57]} Bc3+ {[%emt 0:02:41]} 34. Kf1 {[%emt 0:00:10]} Rd1+ {[%emt 0:00:50]} 35. Kg2 {[%emt 0:00:04]} Qd5+ {[%emt 0:00:00]} 36. f3 {[%emt 0:01:11]} Rd2+ {[%emt 0:00:23]} 37. Bf2 {[%emt 0:00:03]} Qg5+ {[%emt 0:00:00]} 38. Kf1 {[%emt 0:00:11]} Rxf2+ {[%emt 0:01:23]} 39. Kxf2 {[%emt 0:00:04]} Qd2+ {[%emt 0:00:03]} 40. Kf1 {[%emt 0:00:00]} Qd3+ {[%emt 0:00:00]} 41. Kg2 {[%emt 0:08:54]} Qe2+ {[%emt 0:06:03]} 42. Kg3 {[%emt 0:00:00]} Be5+ {[%emt 0:03:30]} 43. Kg4 {[%emt 0:00:00]} h5+ {[%emt 0:10:30]} 44. Kf5 {[%emt 0:03:30]} e6+ {[%emt 0:00:46]} 45. Kg6 {[%emt 0:04:30]} Qd3+ {[%emt 0:02:26]} 46. Kf7 {[%emt 0:00:00]} Qf5+ {[%emt 0:00:24]} 47. Ke7 {[%emt 0:01:00]} Qf6+ {[%emt 0:02:09]} 48. Kd7 {[%emt 0:00:30]} Qf7+ {[%emt 0:01:00]} 49. Kd8 {[%emt 0:00:00]} Qc7+ {[%emt 0:01:46]} 50. Ke8 {[%emt 0:00:00]} Qb8+ {[%emt 0:01:39]} 51. Kf7 {[%emt 0:05:21]} Qg8+ {[%emt 0:00:38]} 52. Ke7 {[%emt 0:00:06]} Qg7+ {[%emt 0:00:36]} 53. Kxe6 {[%emt 0:00:41]} Qf6+ {[%emt 0:00:05]} 54. Kd7 {[%emt 0:01:45]} Qd6+ {[%emt 0:00:58]} 55. Ke8 {[%emt 0:00:08]} Qe6+ {[%emt 0:00:49]} 56. Kd8 {[%emt 0:00:04]} Qb6+ {[%emt 0:02:33]} 57. Kd7 {[%emt 0:01:21]} Qd6+ {[%emt 0:00:56]} 58. Ke8 {[%emt 0:00:04]} Qe6+ {[%emt 0:00:35]} 59. Kd8 {[%emt 0:00:04]} Bf6+ {[%emt 0:02:13]} 60. Kc7 {[%emt 0:00:05]} Be5+ {[%emt 0:00:19]} 61. Kd8 {[%emt 0:00:20]} Bf6+ {[%emt 0:00:53]} 62. Kc7 {[%emt 0:00:04]} Be5+ {[%emt 0:01:02]} 63. Kd8 {[%emt 0:00:07]} Bf6+ {[%emt 0:00:52]} 1/2-1/2

[Event "Turkish Championship 2020"]
[Site "Kemer-Antalya"]
[Date "2020.11.19"]
[Round "7.2"]
[White "Gokerkan, Cem Kaan"]
[Black "Haznedaroglu, Kivanc"]
[Result "1-0"]
[WhiteElo "2461"]
[BlackElo "2437"]
[Annotator "ChessBase"]
[PlyCount "55"]
[EventDate "2020.11.13"]
[EventType "tourn"]
[EventCountry "TUR"]
[SourceTitle "playchess.com"]
[Source "ChessBase"]
[SourceQuality "1"]
[TimeControl "40/5400+30:1800+30"]

1. e4 {[%emt 0:01:30]} c5 {[%emt 0:00:30]} 2. Nf3 {[%emt 0:00:30]} d6 {[%emt 0:00:00]} 3. d4 {[%emt 0:00:30]} cxd4 {[%emt 0:00:00]} 4. Nxd4 {[%emt 0:00:30]} Nf6 {[%emt 0:00:30]} 5. Nc3 {[%emt 0:00:00]} Nc6 {[%emt 0:00:00]} 6. Bg5 {[%emt 0:06:00]} e6 {[%emt 0:00:00]} 7. Qd2 {[%emt 0:00:30]} a6 {[%emt 0:00:30]} 8. O-O-O {[%emt 0:01:30]} h6 {[%emt 0:02:30]} 9. Bf4 {[%emt 0:12:30]} Bd7 {[%emt 0:11:30]} 10. Nxc6 {[%emt 0:40:30]} Bxc6 {[%emt 0:03:30]} 11. Bc4 {[%emt 0:04:30]} b5 {[%emt 0:19:30]} 12. Bb3 {[%emt 0:00:30]} e5 {[%emt 0:00:00]} 13. Bg3 {[%emt 0:09:59]} Be7 {[%emt 0:04:00]} 14. Qe2 {[%emt 0:02:07]} Qb8 {[%emt 0:21:30]} 15. Bh4 {[%emt 0:01:37]} g5 {[%emt 0:12:30]} 16. Bg3 {[%emt 0:00:39]} a5 {[%emt 0:00:30]} 17. Bd5 {[%emt 0:01:20]} Nxd5 {[%emt 0:02:30]} 18. Nxd5 {[%emt 0:00:14]} b4 {[%emt 0:02:02]} 19. h4 {[%emt 0:01:30]} a4 {[%emt 0:01:53]} 20. Qc4 {[%emt 0:04:42]} Qb7 {[%emt 0:00:42]} 21. Nxe7 {[%emt 0:00:39]} Kxe7 {[%emt 0:01:41]} 22. Bxe5 {[%emt 0:00:12]} Rhd8 {[%emt 0:02:28]} 23. Bxd6+ {[%emt 0:00:48]} Ke8 {[%emt 0:07:27]} 24. hxg5 {[%emt 0:00:46]} Qb5 {[%emt 0:00:00]} 25. Qxb5 {[%emt 0:00:04]} Bxb5 {[%emt 0:00:06]} 26. gxh6 {[%emt 0:00:30]} f6 {[%emt 0:00:30]} 27. h7 {[%emt 0:00:30]} Kf7 {[%emt 0:00:30]} 28. Bxb4 {[%emt 0:00:30]} 1-0

[Event "Turkish Championship 2020"]
[Site "Kemer-Antalya"]
[Date "2020.11.19"]
[Round "7.3"]
[White "Sevgi, Volkan"]
[Black "Yurtseven, Melih"]
[Result "0-1"]
[WhiteElo "2359"]
[BlackElo "2391"]
[Annotator "ChessBase"]
[PlyCount "298"]
[EventDate "2020.11.13"]
[EventType "tourn"]
[EventCountry "TUR"]
[SourceTitle "playchess.com"]
[Source "ChessBase"]
[SourceQuality "1"]
[TimeControl "40/5400+30:1800+30"]

1. e4 {[%emt 0:01:30]} e6 {[%emt 0:03:30]} 2. d4 {[%emt 0:00:30]} d5 {[%emt 0:00:30]} 3. Nd2 {[%emt 0:00:30]} c5 {[%emt 0:07:30]} 4. Ngf3 {[%emt 0:00:30]} cxd4 {[%emt 0:00:30]} 5. Nxd4 {[%emt 0:00:00]} Nc6 {[%emt 0:00:30]} 6. Bb5 {[%emt 0:00:00]} Bd7 {[%emt 0:00:30]} 7. Nxc6 {[%emt 0:00:00]} Bxc6 {[%emt 0:00:30]} 8. Bxc6+ {[%emt 0:00:00]} bxc6 {[%emt 0:00:30]} 9. c4 {[%emt 0:00:30]} Nf6 {[%emt 0:00:30]} 10. Qa4 {[%emt 0:01:30]} Qd7 {[%emt 0:00:00]} 11. e5 {[%emt 0:03:30]} Ng8 {[%emt 0:02:00]} 12. O-O {[%emt 0:01:30]} Ne7 {[%emt 0:04:30]} 13. Nf3 {[%emt 0:09:30]} dxc4 {[%emt 0:07:30]} 14. Qxc4 {[%emt 0:04:30]} Nd5 {[%emt 0:05:30]} 15. Be3 {[%emt 0:05:30]} Nxe3 {[%emt 0:12:30]} 16. fxe3 {[%emt 0:00:30]} Be7 {[%emt 0:00:30]} 17. Rad1 {[%emt 0:02:30]} Qb7 {[%emt 0:28:30]} 18. Nd4 {[%emt 0:02:30]} O-O {[%emt 0:01:30]} 19. Qxc6 {[%emt 0:08:30]} Rab8 {[%emt 0:00:30]} 20. Qxb7 {[%emt 0:13:30]} Rxb7 {[%emt 0:01:30]} 21. b3 {[%emt 0:00:30]} Ba3 {[%emt 0:01:30]} 22. Kf2 {[%emt 0:01:30]} h6 {[%emt 0:00:30]} 23. Rd2 {[%emt 0:04:30]} Rc8 {[%emt 0:01:35]} 24. Kf3 {[%emt 0:11:30]} a5 {[%emt 0:06:32]} 25. Rff2 {[%emt 0:01:30]} Rc5 {[%emt 0:05:55]} 26. Ke4 {[%emt 0:02:30]} a4 {[%emt 0:01:01]} 27. Rc2 {[%emt 0:01:30]} axb3 {[%emt 0:02:11]} 28. axb3 {[%emt 0:00:30]} Rd5 {[%emt 0:00:39]} 29. Rc8+ {[%emt 0:01:30]} Kh7 {[%emt 0:01:15]} 30. Rfc2 {[%emt 0:00:30]} Rdd7 {[%emt 0:00:41]} 31. g4 {[%emt 0:01:30]} Be7 {[%emt 0:00:25]} 32. Ra8 {[%emt 0:03:45]} Kg6 {[%emt 0:00:39]} 33. Rc6 {[%emt 0:04:38]} Kh7 {[%emt 0:00:30]} 34. Ra4 {[%emt 0:00:38]} Rb8 {[%emt 0:03:09]} 35. Rcc4 {[%emt 0:03:58]} Rbb7 {[%emt 0:00:07]} 36. b4 {[%emt 0:00:30]} Rd5 {[%emt 0:01:15]} 37. Ra5 {[%emt 0:01:35]} Rdd7 {[%emt 0:00:45]} 38. Nc6 {[%emt 0:01:57]} Bh4 {[%emt 0:00:35]} 39. Rd4 {[%emt 0:01:04]} Rdc7 {[%emt 0:00:32]} 40. Rc5 {[%emt 0:00:00]} Rb6 {[%emt 0:00:00]} 41. Rdc4 {[%emt 0:14:55]} Rcb7 {[%emt 0:02:44]} 42. Na5 {[%emt 0:03:30]} Rb8 {[%emt 0:00:30]} 43. Nc6 {[%emt 0:02:41]} R8b7 {[%emt 0:00:00]} 44. Kd3 {[%emt 0:06:50]} Rd7+ {[%emt 0:16:00]} 45. Rd4 {[%emt 0:04:10]} Rc7 {[%emt 0:01:44]} 46. b5 {[%emt 0:01:59]} Be7 {[%emt 0:01:58]} 47. Kc4 {[%emt 0:00:05]} Bxc5 {[%emt 0:09:49]} 48. Kxc5 {[%emt 0:00:02]} Rbb7 {[%emt 0:00:27]} 49. b6 {[%emt 0:01:01]} Rc8 {[%emt 0:00:03]} 50. Kb5 {[%emt 0:02:37]} Ra8 {[%emt 0:00:32]} 51. Na5 {[%emt 0:00:43]} Re7 {[%emt 0:00:04]} 52. Rb4 {[%emt 0:00:44]} Rd7 {[%emt 0:01:10]} 53. b7 {[%emt 0:02:12]} Rd5+ {[%emt 0:00:30]} 54. Kc4 {[%emt 0:02:10]} Rdxa5 {[%emt 0:00:02]} 55. bxa8=Q {[%emt 0:00:17]} Rxa8 {[%emt 0:00:01]} 56. Kd3 {[%emt 0:00:26]} g5 {[%emt 0:01:25]} 57. Rb2 {[%emt 0:00:32]} Ra4 {[%emt 0:00:52]} 58. Rf2 {[%emt 0:00:31]} Kg6 {[%emt 0:00:37]} 59. h3 {[%emt 0:00:27]} Rb4 {[%emt 0:01:18]} 60. Rf6+ {[%emt 0:00:41]} Kg7 {[%emt 0:00:02]} 61. Rf3 {[%emt 0:00:16]} Ra4 {[%emt 0:00:09]} 62. Rf2 {[%emt 0:00:16]} h5 {[%emt 0:00:57]} 63. gxh5 {[%emt 0:00:36]} Rh4 {[%emt 0:00:07]} 64. Rg2 {[%emt 0:00:51]} Rxh5 {[%emt 0:00:02]} 65. h4 {[%emt 0:00:00]} Kg6 {[%emt 0:00:18]} 66. hxg5 {[%emt 0:00:40]} Rxg5 {[%emt 0:00:02]} 67. Ra2 {[%emt 0:00:02]} Rxe5 {[%emt 0:00:35]} 68. Ra8 {[%emt 0:00:14]} Rb5 {[%emt 0:00:00]} 69. Ke4 {[%emt 0:00:42]} Kf6 {[%emt 0:00:00]} 70. Ra4 {[%emt 0:00:09]} Rh5 {[%emt 0:00:54]} 71. Kf3 {[%emt 0:00:18]} Rf5+ {[%emt 0:00:07]} 72. Ke2 {[%emt 0:00:10]} Kg5 {[%emt 0:00:25]} 73. Ra8 {[%emt 0:00:04]} Rb5 {[%emt 0:00:52]} 74. Kf3 {[%emt 0:00:08]} f6 {[%emt 0:02:32]} 75. Rg8+ {[%emt 0:00:51]} Kf5 {[%emt 0:00:18]} 76. Ra8 {[%emt 0:00:43]} e5 {[%emt 0:00:36]} 77. Ra4 {[%emt 0:00:51]} Rc5 {[%emt 0:00:09]} 78. Rb4 {[%emt 0:00:13]} Ra5 {[%emt 0:00:01]} 79. Rc4 {[%emt 0:00:07]} Ra1 {[%emt 0:01:18]} 80. Kg3 {[%emt 0:01:08]} Re1 {[%emt 0:00:56]} 81. Kf2 {[%emt 0:00:04]} Rh1 {[%emt 0:00:58]} 82. Kg2 {[%emt 0:00:01]} Rh8 {[%emt 0:00:00]} 83. Kg3 {[%emt 0:00:07]} Re8 {[%emt 0:00:21]} 84. Ra4 {[%emt 0:00:43]} Re7 {[%emt 0:00:11]} 85. Rb4 {[%emt 0:00:07]} Rc7 {[%emt 0:00:38]} 86. Ra4 {[%emt 0:00:08]} Rc6 {[%emt 0:00:05]} 87. Kf3 {[%emt 0:00:12]} Rc1 {[%emt 0:01:04]} 88. Kg3 {[%emt 0:00:31]} Rc3 {[%emt 0:00:48]} 89. Kf3 {[%emt 0:00:05]} Rb3 {[%emt 0:00:14]} 90. Rc4 {[%emt 0:00:06]} Rb6 {[%emt 0:00:30]} 91. Ra4 {[%emt 0:00:08]} Ke6 {[%emt 0:00:08]} 92. Ra8 {[%emt 0:00:05]} Rb4 {[%emt 0:00:48]} 93. Ra6+ {[%emt 0:01:17]} Kf7 {[%emt 0:00:16]} 94. Ra7+ {[%emt 0:00:42]} Kg6 {[%emt 0:00:02]} 95. Ra5 {[%emt 0:01:27]} Kg5 {[%emt 0:01:10]} 96. Rc5 {[%emt 0:00:10]} Rb1 {[%emt 0:00:32]} 97. Ra5 {[%emt 0:00:53]} Rf1+ {[%emt 0:00:10]} 98. Kg2 {[%emt 0:00:21]} Rf5 {[%emt 0:00:12]} 99. Ra4 {[%emt 0:00:04]} Kg6 {[%emt 0:00:14]} 100. Ra7 {[%emt 0:01:06]} Rh5 {[%emt 0:00:54]} 101. Ra4 {[%emt 0:00:28]} Rh8 {[%emt 0:01:01]} 102. Rb4 {[%emt 0:00:48]} f5 {[%emt 0:01:13]} 103. Rb5 {[%emt 0:02:56]} Kf6 {[%emt 0:00:11]} 104. Ra5 {[%emt 0:00:15]} Rb8 {[%emt 0:00:16]} 105. Ra3 {[%emt 0:01:26]} Kg5 {[%emt 0:00:43]} 106. Kg3 {[%emt 0:00:24]} Rb2 {[%emt 0:00:28]} 107. Ra8 {[%emt 0:00:19]} Rb3 {[%emt 0:00:27]} 108. Rg8+ {[%emt 0:00:18]} Kf6 {[%emt 0:00:09]} 109. Kf2 {[%emt 0:00:13]} Rb2+ {[%emt 0:00:56]} 110. Kg3 {[%emt 0:00:09]} Rb3 {[%emt 0:00:49]} 111. Kf2 {[%emt 0:00:01]} Ke6 {[%emt 0:00:23]} 112. Rd8 {[%emt 0:01:02]} Rb2+ {[%emt 0:00:32]} 113. Kg3 {[%emt 0:00:09]} Ra2 {[%emt 0:00:42]} 114. Rb8 {[%emt 0:02:14]} Kd5 {[%emt 0:00:17]} 115. Rb4 {[%emt 0:00:20]} Ra3 {[%emt 0:00:28]} 116. Kf2 {[%emt 0:00:11]} Ra2+ {[%emt 0:00:02]} 117. Kg3 {[%emt 0:00:08]} Kc5 {[%emt 0:00:35]} 118. Rb8 {[%emt 0:00:52]} Ra3 {[%emt 0:00:18]} 119. Kf2 {[%emt 0:00:06]} Kc4 {[%emt 0:00:35]} 120. Rd8 {[%emt 0:00:25]} Rd3 {[%emt 0:01:14]} 121. Rf8 {[%emt 0:01:25]} Rd2+ {[%emt 0:00:31]} 122. Ke1 {[%emt 0:00:26]} Ra2 {[%emt 0:00:25]} 123. Rd8 {[%emt 0:00:33]} Rb2 {[%emt 0:00:14]} 124. Rd7 {[%emt 0:00:14]} Ra2 {[%emt 0:00:25]} 125. Rd8 {[%emt 0:00:03]} Rh2 {[%emt 0:00:42]} 126. Rd7 {[%emt 0:00:25]} Rh8 {[%emt 0:01:06]} 127. Ke2 {[%emt 0:00:30]} Rh2+ {[%emt 0:00:30]} 128. Ke1 {[%emt 0:00:00]} Kc5 {[%emt 0:00:00]} 129. Rd8 {[%emt 0:00:00]} Ra2 {[%emt 0:00:00]} 130. Kf1 {[%emt 0:00:00]} Kc6 {[%emt 0:00:42]} 131. Ke1 {[%emt 0:00:06]} Kc5 {[%emt 0:00:35]} 132. Kf1 {[%emt 0:00:02]} Ra6 {[%emt 0:00:13]} 133. Ke2 {[%emt 0:00:07]} Ra1 {[%emt 0:00:35]} 134. Kf2 {[%emt 0:00:14]} Kc4 {[%emt 0:00:09]} 135. Ke2 {[%emt 0:00:23]} Ra2+ {[%emt 0:00:10]} 136. Ke1 {[%emt 0:00:21]} e4 {[%emt 0:00:54]} 137. Rd7 {[%emt 0:00:10]} Ra5 {[%emt 0:00:38]} 138. Ke2 {[%emt 0:00:04]} Rd5 {[%emt 0:00:22]} 139. Rc7+ {[%emt 0:00:32]} Kb5 {[%emt 0:00:24]} 140. Rc8 {[%emt 0:01:05]} Rc5 {[%emt 0:00:06]} 141. Rd8 {[%emt 0:00:50]} Kc6 {[%emt 0:00:02]} 142. Rd2 {[%emt 0:00:42]} Rd5 {[%emt 0:00:13]} 143. Rxd5 {[%emt 0:02:30]} Kxd5 {[%emt 0:00:14]} 144. Kd2 {[%emt 0:00:01]} Kd6 {[%emt 0:00:17]} 145. Kc2 {[%emt 0:00:23]} Kc6 {[%emt 0:00:32]} 146. Kb3 Kd5 {[%emt 0:01:25]} 147. Kc3 {[%emt 0:01:22]} Ke5 {[%emt 0:00:02]} 148. Kd2 {[%emt 0:00:42]} Kf6 {[%emt 0:00:01]} 149. Ke2 {[%emt 0:00:17]} Ke5 {[%emt 0:00:30]} 0-1